| 000 | 00576nam a22001937a 4500 | ||
|---|---|---|---|
| 003 | CEME | ||
| 005 | 20210628201949.0 | ||
| 008 | 210127b xxu||||| |||| 00| 0 eng d | ||
| 020 | _a9971-51-348-X | ||
| 040 | _c. | ||
| 082 | _a005.82 SCH | ||
| 100 |
_aSchneier, Bruce _957628 |
||
| 245 | _aApplied cryptography ,protocoles, algorithms and source conde in c | ||
| 250 | _a2ND | ||
| 260 |
_aNEW YORK _bJOHN WILEY ,JOHN WILEY & SONS _c1996 |
||
| 300 | _aXXI,755P | ||
| 650 |
_aCOMPUTER SECURITY, TELECOMMUNICATION SCEURITY MEASURES, CRYPTOGRAPHY _957629 |
||
| 942 |
_cBK _2ddc |
||
| 999 |
_c567898 _d567898 |
||